000 00883nam a22002057a 4500
010 _a1617CH-EN
020 _a9780141360515
_c599.00 pbk
035 _aB-645518-537
035 _aB-666179
037 _aDPL
_bPragati/ven
082 _aS
100 _aRiordan, Rick
245 _aPercy Jackson and the greek heroes /
_cby Rick Riodan
260 _aGurgaon
_bPuffin Books
_c2015
270 _a7th Floor, Infinity Tower C, DLF Cyber City,
_bGurgaon
_e122002
300 _a515p.
_c24cm(pbk)
942 _2ddc
_cCH
_mRIO
_kS
_hS
999 _c100626
_d100626